000
00241nam a2200097Ia 4500
008
230915s9999 xx 000 0 und d
050
_a
RM 300.F85 2009
100
_a
SAUNDERS ELSEVIER
245
0
_a
PHARMACOLOGY AND APPLICATIONS
942
_c
BK
999
_c
199533
_d
199533